000 00714nam a2200253 a 4500
001 45162
003 BD-RjUL
005 20211209053955.0
008 160723s1970 nyua 001 0 eng
035 _a(BD-RjUL)45280
040 _aDLC
_cDLC
_dDLC
_dBD-RjUL
_beng
041 _aeng
082 0 0 _a338.501
_bTRL 1970
100 1 _aTrescott, Paul B.
_9138348
245 1 4 _aThe logic of the price system /
_c[by] Paul B. Trescott.
260 _aNew York :
_bMcGraw-Hill,
_c1970
300 _aviii, 455 p.
_billus.
_c23 cm.
650 0 _aSupply and demand.
_9138349
650 0 _aCompetition.
_9138350
650 0 _aPrices.
_9138351
650 0 _aMicroeconomics.
_9138352
942 _2ddc
_cBK
999 _c45162
_d45162